Mujeres en tensión: la difícil tarea de conciliar familia y trabajo /
Guardado en:
| Autor principal: | |
|---|---|
| Otros Autores: | , , , , , |
| Formato: | Texto |
| Etiquetas: |
Agregar Etiqueta
Sin Etiquetas, Sea el primero en etiquetar este registro!
|
MARC
| LEADER | 00000 a a2200000 04500 | ||
|---|---|---|---|
| 001 | 43836 | ||
| 003 | |||
| 040 | |||
| 100 | |a López, Elsa | ||
| 245 | |a Mujeres en tensión: |b la difícil tarea de conciliar familia y trabajo / |c Elsa López ; Marisa Ponce ; Liliana Findling ; Paula Lehner ; María Pía Venturiello ; Silvia Mario ; Laura Champalbert | ||
| 700 | |a Ponce, Marisa | ||
| 700 | |a Findling, Liliana | ||
| 700 | |a Lehner, Paula | ||
| 700 | |a Venturiello, María Pía | ||
| 700 | |a Mario, Silvia | ||
| 700 | |a Champalbert, Laura | ||
| 773 | |g volumen8, número13 ( , 2011) | ||
| 999 | |c 28143 |d 28143 | ||
